[Event "ICS rated blitz match"]
[Site "204.178.125.65"]
[Date "2000.07.13"]
[Round "?"]
[White "Hossa"]
[Black "Tinker"]
[Result "1/2-1/2"]
[WhiteElo "2579"]
[BlackElo "2532"]
[PlyCount "363"]
[EventDate "2000.??.??"]

1. g4 d5 2. g5 e5 3. d3 Nc6 4. Bg2 h6 5. gxh6 gxh6 6. e4 Nf6 7. exd5 Nxd5 8.
Nc3 Nxc3 9. bxc3 Qd6 10. Rb1 Rg8 11. Bf3 Rb8 12. Ne2 Be6 13. c4 Bd7 14. a3 Be7
15. Ng3 b6 16. c3 Qf6 17. Nh5 Qg6 18. Ng3 Na5 19. Be4 Qf6 20. Qh5 Bxa3 21. Qxh6
Qxh6 22. Bxh6 Be7 23. Nf5 Bxf5 24. Bxf5 Rh8 25. Be3 Rd8 26. Ke2 Rh5 27. Bg4 Rh7
28. c5 Bxc5 29. Bxc5 bxc5 30. Rb5 Nc6 31. Rxc5 Rd6 32. Bf3 Kd7 33. h4 f6 34.
Bg4+ Kd8 35. Bf5 Rh6 36. Rb5 a5 37. h5 Ke7 38. Rh4 Kf8 39. Be4 Ne7 40. Rxa5 f5
41. Rxe5 Rde6 42. Ra5 Ke8 43. f3 fxe4 44. dxe4 Rc6 45. Kd2 Rcf6 46. Ra8+ Kd7
47. f4 Rc6 48. f5 Rh7 49. Ra1 Rch6 50. Rah1 Kd6 51. Ke3 Ke5 52. R4h2 c5 53. Rh4
Ng8 54. Rd1 Nf6 55. Ra1 Rxh5 56. Ra6 Nd5+ 57. Kd3 c4+ 58. Kxc4 Ne3+ 59. Kd3
Rxh4 60. Kxe3 Rxe4+ 61. Kd3 Rd7+ 62. Kc2 Kxf5 63. Ra8 Re2+ 64. Kb3 Rb7+ 65. Kc4
Re4+ 66. Kd3 Rd7+ 67. Kc2 Rc4 68. Rf8+ Ke6 69. Re8+ Kd5 70. Rb8 Rd6 71. Kb3 Re4
72. Rg8 Rb6+ 73. Kc2 Rbe6 74. Kb3 Re3 75. Rg5+ R6e5 76. Rg1 Rh3 77. Ra1 Ree3
78. Rc1 Kc5 79. Rc2 Re4 80. Rc1 Rb4+ 81. Kc2 Rh2+ 82. Kd3 Rb3 83. Ke4 Kc4 84.
Kf5 Rxc3 85. Rf1 Re2 86. Kf6 Kd4 87. Rd1+ Rd3 88. Rg1 Re5 89. Rg4+ Re4 90. Rg2
Rf3+ 91. Kg6 Ref4 92. Rd2+ Ke4 93. Re2+ Kd5 94. Rd2+ Ke5 95. Re2+ Re4 96. Rg2
Rd3 97. Rg5+ Ke6 98. Rg2 Rd5 99. Rg1 Ke5 100. Rg5+ Kd4 101. Rg3 Rde5 102. Ra3
Kd5 103. Ra5+ Kc4 104. Ra3 Rc5 105. Ra7 Kd4 106. Ra8 Rd5 107. Kf6 Rf4+ 108. Kg6
Rff5 109. Ra2 Ke5 110. Re2+ Kf4 111. Rf2+ Ke4 112. Re2+ Kd3 113. Re1 Rf3 114.
Re6 Kd4 115. Re1 Rf4 116. Re2 Re5 117. Rc2 Kd5 118. Ra2 Rc4 119. Ra1 Rd4 120.
Rg1 Ke6 121. Rg2 Red5 122. Re2+ Re5 123. Rg2 Ree4 124. Kg5 Ke5 125. Rg3 Rd5
126. Rg1 Ke6+ 127. Kg6 Rdd4 128. Kg5 Re5+ 129. Kg6 Rde4 130. Rg3 Rd5 131. Rg1
Rd1 132. Rxd1 Re3 133. Rf1 Rg3+ 134. Kh6 Ke5 135. Rh1 Rf3 136. Rg1 Kf5 137. Rh1
Re3 138. Rg1 Ke5 139. Rh1 Re4 140. Rg1 Rf4 141. Rh1 Kf5 142. Rg1 Rh4+ 143. Kg7
Rh2 144. Rf1+ Ke5 145. Rg1 Rf2 146. Rh1 Rf5 147. Rg1 Rf3 148. Rh1 Kd5 149. Rg1
Re3 150. Rh1 Ke5 151. Rg1 Ke6 152. Rh1 Rg3+ 153. Kh7 Ke5 154. Rf1 Kd4 155. Rh1
Rg4 156. Rf1 Ke4 157. Rh1 Rf4 158. Rg1 Ke5 159. Rh1 Rf6 160. Rg1 Rc6 161. Rh1
Kf5 162. Rg1 Rc5 163. Rh1 Ke6 164. Rg1 Re5 165. Rh1 Re3 166. Rg1 Kf6 167. Rh1
Re4 168. Rg1 Rh4+ 169. Kg8 Re4 170. Rh1 Ke6 171. Rg1 Rf4 172. Rh1 Ke5 173. Rg1
Rf6 174. Rh1 Ke4 175. Rg1 Rf2 176. Rh1 Rf4 177. Rg1 Rf5 178. Rh1 Kd4 179. Rg1
Ke5 180. Rh1 Kd5 181. Rg1 Kd4 182. Rh1 1/2-1/2

[Event "ICS rated blitz match"]
[Site "204.178.125.65"]
[Date "2000.07.13"]
[Round "?"]
[White "Tinker"]
[Black "Hossa"]
[Result "1-0"]
[WhiteElo "2534"]
[BlackElo "2577"]
[PlyCount "101"]
[EventDate "2000.??.??"]

1. e4 e5 2. Nf3 Nc6 3. Nc3 Nf6 4. d4 exd4 5. Nxd4 Bb4 6. Nxc6 bxc6 7. f3 O-O 8.
Be2 d5 9. O-O Qe7 10. Bg5 Bc5+ 11. Kh1 Rd8 12. Bd3 h6 13. Bh4 Bd4 14. Re1 Qb4
15. Rb1 a5 16. a3 Qd6 17. Bg3 Qc5 18. Qd2 Qa7 19. exd5 Nxd5 20. Nxd5 cxd5 21.
Bh4 f6 22. c3 Bb6 23. Bxf6 gxf6 24. Qxh6 c6 25. Qxf6 Qf7 26. Qxc6 Rb8 27. Re5
Qf4 28. Qg6+ Kf8 29. Rg5 Ke7 30. Qg7+ Kd6 31. Qh6+ Be6 32. Rxd5+ Kxd5 33. Qxf4
Kc6 34. Be4+ Kd7 35. Qf6 Bb3 36. Re1 Ba4 37. Bf5+ Kc7 38. Re7+ Bd7 39. Bxd7
Rxd7 40. Qe5+ Kc6 41. Qe6+ Rd6 42. Qe4+ Rd5 43. c4 Rbd8 44. cxd5+ Kc5 45. d6
Re8 46. Rxe8 Bd8 47. Rxd8 a4 48. Rc8+ Kxd6 49. Rc6+ Kd7 50. Qe6+ Kd8 51. Rc8# {
Hossa checkmated} 1-0

[Event "ICS rated blitz match"]
[Site "204.178.125.65"]
[Date "2000.07.13"]
[Round "?"]
[White "Hossa"]
[Black "athanas"]
[Result "1-0"]
[WhiteElo "2559"]
[BlackElo "2162"]
[PlyCount "101"]
[EventDate "2000.??.??"]

1. e4 c6 2. d4 d5 3. e5 Bf5 4. Bd3 Bxd3 5. Qxd3 e6 6. Nf3 Qa5+ 7. Bd2 Qa6 8.
Qxa6 Nxa6 9. O-O Ne7 10. Nc3 c5 11. Nb5 Nc6 12. dxc5 Bxc5 13. Bf4 O-O 14. Nd6
b6 15. c4 dxc4 16. Nxc4 Rfd8 17. Rfd1 h6 18. Nd6 Nab4 19. Bg3 Nd5 20. Nb7 Rd7
21. Nxc5 bxc5 22. Kf1 Rb8 23. b3 Ncb4 24. Rd2 Rbd8 25. a3 Nc6 26. Rc1 Ne3+ 27.
fxe3 Rxd2 28. Nxd2 Rxd2 29. Rxc5 Ne7 30. e4 Rb2 31. b4 Rb3 32. Rc7 Ng6 33. Rxa7
h5 34. Ra5 h4 35. Bf2 h3 36. gxh3 Nf4 37. Ra8+ Kh7 38. Bb6 Rxh3 39. Ra7 Kg6 40.
Kg1 Rb3 41. Bc5 Rb2 42. h4 Nd3 43. h5+ Kxh5 44. Rxf7 Nxe5 45. Rxg7 Nf3+ 46. Kf1
Nh2+ 47. Ke1 Nf3+ 48. Kd1 Ra2 49. Be3 Ne5 50. Rg5+ Kh4 51. Rxe5 {
athanas resigns} 1-0

[Event "ICS rated blitz match"]
[Site "204.178.125.65"]
[Date "2000.07.13"]
[Round "?"]
[White "MissSilicon"]
[Black "Hossa"]
[Result "1-0"]
[WhiteElo "2693"]
[BlackElo "2562"]
[PlyCount "99"]
[EventDate "2000.??.??"]

1. c4 Nf6 2. Nc3 g6 3. d4 Bg7 4. e4 d6 5. Nf3 O-O 6. Be2 Nbd7 7. O-O e5 8. Bg5
h6 9. Bh4 exd4 10. Nxd4 Nc5 11. f3 c6 12. Nb3 Nxb3 13. Qxb3 b6 14. Rad1 Re8 15.
Qa4 Bb7 16. Qa3 Bf8 17. Qb3 Bc8 18. Rd2 Bg7 19. Rfd1 Bf8 20. Bg3 Re6 21. Qa4
Bb7 22. Bf4 Ne8 23. Qb3 Bc8 24. Kh1 Bg7 25. Qa4 Bb7 26. Qa3 Be5 27. Bxe5 Rxe5
28. b4 Qh4 29. b5 Rh5 30. h3 Qg3 31. Bd3 a6 32. Qb2 axb5 33. cxb5 c5 34. Bc4
Rxh3+ 35. gxh3 Qxh3+ 36. Kg1 Qxf3 37. Rf2 Qg4+ 38. Rg2 Qh5 39. Rf1 d5 40. Bxd5
Nd6 41. Bxb7 Nxb7 42. Nd5 Qh4 43. Qe5 Nd6 44. Ne7+ Kh7 45. Qxd6 f6 46. Qe6 Qh5
47. Qf7+ Kh8 48. Nxg6+ Qxg6 49. Rxg6 Rxa2 50. Rxh6# {Hossa checkmated} 1-0

[Event "ICS rated standard match"]
[Site "164.58.253.13"]
[Date "2000.07.13"]
[Round "?"]
[White "diep"]
[Black "Hossa"]
[Result "1-0"]
[WhiteElo "2289"]
[BlackElo "2068"]
[PlyCount "121"]
[EventDate "2000.??.??"]

1. d4 Nf6 2. c4 e6 3. Nf3 b6 4. Bg5 h6 5. Bh4 g5 6. Bg3 Bb4+ 7. Nbd2 Bb7 8. a3
Be7 9. e3 d6 10. h3 c5 11. Bd3 Nbd7 12. Qe2 Qc7 13. O-O Rg8 14. Nh2 h5 15. dxc5
Nxc5 16. f3 Nxd3 17. Qxd3 O-O-O 18. Qc3 Nd7 19. e4 f5 20. exf5 Qc5+ 21. Bf2
Qxf5 22. Rae1 Bf6 23. Bd4 e5 24. Bf2 Rgf8 25. Ne4 Be7 26. h4 Qg6 27. hxg5 Bxe4
28. Rxe4 Bxg5 29. Re2 Rg8 30. Qc2 Qg7 31. Rd1 Kc7 32. Nf1 Rc8 33. Ne3 Bxe3 34.
Bxe3 h4 35. Qd3 Qf6 36. Red2 h3 37. g4 Rg6 38. b4 Rf8 39. Rf2 Qf7 40. Kh2 Rf6
41. g5 Rg6 42. f4 exf4 43. Rxf4 Qg8 44. Rxf8 Nxf8 45. Bf4 Qe6 46. c5 Kb7 47.
Qf3+ d5 48. Rxd5 Qc6 49. a4 Kc8 50. b5 Qb7 51. Rd8+ Kxd8 52. Qxb7 bxc5 53. Qf7
Nd7 54. Qxg6 Nb6 55. Qg8+ Ke7 56. g6 Nd7 57. Qf7+ Kd8 58. g7 Nf6 59. Qxf6+ Kc8
60. g8=Q+ Kb7 61. Qc6# {Hossa checkmated} 1-0

[Event "ICS rated blitz match"]
[Site "164.58.253.13"]
[Date "2000.07.13"]
[Round "?"]
[White "hoppa"]
[Black "Hossa"]
[Result "0-1"]
[WhiteElo "1935"]
[BlackElo "2069"]
[PlyCount "88"]
[EventDate "2000.??.??"]

1. e4 e5 2. Nf3 Nc6 3. Bb5 a6 4. Ba4 Nf6 5. O-O Be7 6. Re1 b5 7. Bb3 d6 8. c3
O-O 9. d4 Bg4 10. d5 Na5 11. Bc2 c6 12. a4 cxd5 13. exd5 Qb8 14. b4 Nc4 15. Bg5
Qc7 16. Bxf6 Bxf6 17. Qd3 g6 18. Nbd2 Rfe8 19. Nxc4 bxc4 20. Qe3 Qa7 21. Qxa7
Rxa7 22. Nd2 Rc8 23. b5 axb5 24. axb5 Rxa1 25. Rxa1 Be2 26. Ne4 Be7 27. Ra7 Kf8
28. b6 Rb8 29. b7 Kg7 30. f3 Bd8 31. Kf2 Bb6+ 32. Kxe2 Bxa7 33. Nxd6 Bc5 34.
Nxc4 Rxb7 35. Kd3 Rd7 36. Ke4 f5+ 37. Kxe5 Re7+ 38. Kf4 Re2 39. Bd3 Rxg2 40. h4
Kf6 41. d6 h6 42. Bxf5 gxf5 43. d7 Rg8 44. Ne5 Bd6 {hoppa resigns} 0-1

[Event "ICS rated blitz match"]
[Site "164.58.253.13"]
[Date "2000.07.13"]
[Round "?"]
[White "ArturoToscanini"]
[Black "Hossa"]
[Result "0-1"]
[WhiteElo "1746"]
[BlackElo "2111"]
[PlyCount "28"]
[EventDate "2000.??.??"]

1. e4 e5 2. Nc3 Nf6 3. g3 Bc5 4. Bg2 O-O 5. Nge2 d6 6. h3 c6 7. O-O b5 8. a3 a5
9. d3 Na6 10. Kh2 Ba7 11. f4 exf4 12. gxf4 Ng4+ 13. hxg4 Qh4+ 14. Bh3 Bxg4 0-1

[Event "ICS Rated standard match"]
[Site "204.178.125.65"]
[Date "2000.07.13"]
[Round "?"]
[White "PostModernist"]
[Black "Hossa"]
[Result "0-1"]
[WhiteElo "2431"]
[BlackElo "2390"]
[PlyCount "276"]
[EventDate "2000.??.??"]

1. e4 e5 2. Bc4 Nf6 3. d3 c6 4. Nf3 d5 5. Bb3 Bg4 6. h3 Bxf3 7. Qxf3 dxe4 8.
dxe4 Bc5 9. Bg5 h6 10. Bxf6 Qxf6 11. Qxf6 gxf6 12. O-O Rg8 13. Rd1 Rg7 14. Nd2
Nd7 15. Nf3 f5 16. exf5 O-O-O 17. Kf1 e4 18. Nd2 Re8 19. c3 e3 20. fxe3 Rxe3
21. Bc2 Rg5 22. Nb3 Bb6 23. Rd6 Reg3 24. Be4 h5 25. a4 Rg8 26. a5 Bc7 27. Rdd1
Nf6 28. Bf3 R3g5 29. Nd4 a6 30. Re1 R5g7 31. b4 Bg3 32. Re2 Rf8 33. Rd1 Rd8 34.
Re7 Rh7 35. Re3 h4 36. Re7 Ng8 37. Re2 Rh6 38. Re3 Rhd6 39. Rdd3 R6d7 40. Re2
Nf6 41. Rdd2 Bf4 42. Rd1 Bg3 43. Re3 Bf4 44. Red3 Bg3 45. Ke2 Bf4 46. Nc2 Re8+
47. Kf1 Bg3 48. Rxd7 Nxd7 49. Bh5 Re7 50. Nd4 Nf6 51. Bf3 Re5 52. Kg1 Nd5 53.
Ne2 Ne3 54. Rd2 Rxf5 55. Nxg3 hxg3 56. Re2 Re5 57. Re1 Kd8 58. h4 Ke7 59. h5
Kf6 60. h6 Kg6 61. Bh5+ Kxh6 62. Bxf7 Kg5 63. Bb3 Kf4 64. Bf7 Re7 65. Bh5 Rh7
66. Bf3 Rd7 67. Rc1 Rd8 68. Rb1 Rd2 69. Rc1 Ra2 70. Kh1 Kf5 71. Kg1 Rd2 72. Kh1
Rd6 73. Kg1 Kf4 74. Re1 Rd3 75. Rc1 Kg5 76. Be4 Rd8 77. Bf3 Re8 78. Re1 Kf4 79.
Bd1 Rd8 80. Bf3 Rh8 81. Re2 Re8 82. Re1 Kf5 83. Re2 Re7 84. Re1 Kf6 85. Re2 Kg5
86. Re1 Re6 87. Bd1 Kf4 88. Bh5 Ke4 89. Bg4 Re7 90. Be2 Rh7 91. Rb1 Rh2 92. Bf1
Rh6 93. Be2 Rh8 94. Rb3 Rh2 95. Bf3+ Kf4 96. Rb2 Rh7 97. Rd2 Kg5 98. Re2 Nd1
99. Re8 Nxc3 100. Rg8+ Kf5 101. Rxg3 Rh4 102. Rh3 Rf4 103. Kh2 Nb5 104. Rh7 Nd6
105. g4+ Kf6 106. Rh6+ Ke7 107. Rh7+ Kf8 108. Kg3 Rxb4 109. Rh6 Nf7 110. Rh5
Ke7 111. Be2 Ra4 112. Bd1 Ra2 113. Rh7 Rd2 114. Bf3 Kf6 115. Rh5 Ng5 116. Rh8
Ra2 117. Rf8+ Nf7 118. Bd1 Ra3+ 119. Kh4 Ke7 120. Rc8 Nd8 121. g5 Rxa5 122.
Rc7+ Kd6 123. g6 Re5 124. g7 Re8 125. Rc8 Rg8 126. Rxd8+ Rxd8 127. Bb3 Ke5 128.
g8=Q Rxg8 129. Bxg8 c5 130. Kg3 b5 131. Kf3 Kd4 132. Ke2 Kc3 133. Kd1 Kb2 134.
Ke2 c4 135. Kf3 a5 136. Bh7 a4 137. Ke3 a3 138. Kd4 a2 0-1

[Event "ICS rated blitz match"]
[Site "204.178.125.65"]
[Date "2000.07.13"]
[Round "?"]
[White "Hossa"]
[Black "WitPaard"]
[Result "1-0"]
[WhiteElo "2552"]
[BlackElo "2212"]
[PlyCount "65"]
[EventDate "2000.??.??"]

1. c4 f5 2. Nf3 Nf6 3. d4 g6 4. g3 Bg7 5. Bg2 O-O 6. h4 d6 7. b4 h6 8. h5 g5 9.
Nxg5 hxg5 10. h6 Bh8 11. Bxg5 Nh7 12. Bd5+ Rf7 13. Bh4 c6 14. Bxf7+ Kxf7 15. e3
Nd7 16. Qh5+ Kf8 17. Qxf5+ Ndf6 18. Qg6 Be6 19. Bxf6 Nxf6 20. Nd2 Bf7 21. Qc2
Qb6 22. c5 Qa6 23. cxd6 exd6 24. a4 Re8 25. h7 Nd5 26. Qb2 Nxe3 27. fxe3 Rxe3+
28. Kd1 Qe2+ 29. Kc1 Rd3 30. Ra3 Rxd4 31. Rf3 Rxd2 32. Qxh8+ Ke7 33. Qf6+ {
WitPaard resigns} 1-0

[Event "ICS rated blitz match"]
[Site "204.178.125.65"]
[Date "2000.07.13"]
[Round "?"]
[White "WitPaard"]
[Black "Hossa"]
[Result "1/2-1/2"]
[WhiteElo "2208"]
[BlackElo "2556"]
[PlyCount "35"]
[EventDate "2000.??.??"]

1. e4 e5 2. Nf3 Nc6 3. Bb5 a6 4. Ba4 Nf6 5. O-O Be7 6. Bxc6 dxc6 7. d3 Qd6 8.
Nbd2 Be6 9. b3 O-O 10. Bb2 Nd7 11. Nc4 Bxc4 12. bxc4 b5 13. Nd2 Qe6 14. Kh1 Bg5
15. Nf3 Be7 16. Nd2 Bg5 17. Nf3 Be7 18. Nd2 1/2-1/2

[Event "ICS rated blitz match"]
[Site "204.178.125.65"]
[Date "2000.07.13"]
[Round "?"]
[White "Hossa"]
[Black "WitPaard"]
[Result "1-0"]
[WhiteElo "2544"]
[BlackElo "2216"]
[PlyCount "107"]
[EventDate "2000.??.??"]

1. c4 f5 2. Nf3 Nf6 3. d4 g6 4. g3 Bg7 5. Bg2 d6 6. d5 c6 7. O-O O-O 8. Nd4 Bd7
9. Qb3 Qb6 10. Qxb6 axb6 11. Rd1 Rc8 12. Ne6 Bxe6 13. dxe6 Na6 14. Na3 Nc5 15.
Nc2 Nxe6 16. Rd3 Nc5 17. Rd1 Nfe4 18. f3 Nf6 19. e3 Nfd7 20. Bf1 Ne5 21. Nd4
Na4 22. f4 Ng4 23. h3 Nf6 24. Ne6 Bh8 25. Bd3 Nc5 26. Nxc5 bxc5 27. a3 Rd8 28.
Rb1 Ne4 29. g4 d5 30. gxf5 gxf5 31. Kh2 Kf7 32. Bxe4 fxe4 33. Rg1 dxc4 34. Rg5
Rd5 35. Rg2 b5 36. Bd2 Bf6 37. Be1 Ra4 38. Rc1 Rd3 39. Re2 Ke6 40. Rcc2 Kd5 41.
Rc1 b4 42. axb4 cxb4 43. Rb1 Ra2 44. Bxb4 c3 45. Kg2 cxb2 46. Rc2 Rxe3 47. Rc5+
Kd4 48. Rxc6 Kd3 49. Rd1+ Ke2 50. Rd2+ Ke1 51. Rxb2+ Kd1 52. Rxa2 Rf3 53. Rd2+
Ke1 54. Rc1# {WitPaard checkmated} 1-0

[Event "ICS rated blitz match"]
[Site "204.178.125.65"]
[Date "2000.07.13"]
[Round "?"]
[White "WitPaard"]
[Black "Hossa"]
[Result "0-1"]
[WhiteElo "2212"]
[BlackElo "2548"]
[PlyCount "124"]
[EventDate "2000.??.??"]

1. e4 e5 2. Nf3 Nc6 3. Bb5 a6 4. Ba4 Nf6 5. O-O Be7 6. Bxc6 dxc6 7. d3 Qd6 8.
Nbd2 Be6 9. b3 O-O 10. Bb2 Nd7 11. Nc4 Bxc4 12. bxc4 b5 13. Nd2 Qe6 14. Kh1
Rfd8 15. f4 exf4 16. Rxf4 Bg5 17. Rg4 Bf6 18. d4 Bxd4 19. Bxd4 Ne5 20. Bxe5
Qxe5 21. Rb1 Qc3 22. h3 Rxd2 23. Qf1 Qxc2 24. cxb5 Rf2 25. Qe1 axb5 26. Rc1
Qxa2 27. Rxc6 Ra7 28. Qc3 Qa1+ 29. Kh2 Qxc3 30. Rxc3 g6 31. e5 Rd2 32. Rc5 Rb2
33. h4 Rb3 34. h5 Kg7 35. hxg6 hxg6 36. Rc6 Re3 37. Rc5 Ra4 38. Rxa4 bxa4 39.
Rxc7 Rxe5 40. Ra7 Re4 41. g3 Re2+ 42. Kh3 Ra2 43. Kg4 Ra1 44. Kg5 a3 45. Kg4 a2
46. Kg5 Rg1 47. Rxa2 Rxg3+ 48. Kh4 Rg1 49. Ra7 Rg2 50. Kh3 Rg5 51. Kh4 Rc5 52.
Kg4 g5 53. Kg3 Kg6 54. Ra6+ f6 55. Rb6 Rc3+ 56. Kg4 Ra3 57. Rc6 Rd3 58. Ra6 Rb3
59. Rc6 Rb4+ 60. Kg3 Kf7 61. Rc7+ Ke6 62. Ra7 f5 {WitPaard resigns} 0-1

[Event "ICS rated blitz match"]
[Site "204.178.125.65"]
[Date "2000.07.13"]
[Round "?"]
[White "Hossa"]
[Black "PostModernist"]
[Result "1/2-1/2"]
[WhiteElo "2552"]
[BlackElo "2677"]
[PlyCount "240"]
[EventDate "2000.??.??"]

1. c4 e5 2. Nc3 Nf6 3. Nf3 Nc6 4. e4 Bc5 5. Nxe5 O-O 6. Nxc6 dxc6 7. Be2 Qd4 8.
O-O Nxe4 9. Nxe4 Qxe4 10. d3 Qe5 11. Re1 Re8 12. a3 Qf6 13. Bf3 Bg4 14. Be3
Bxe3 15. fxe3 Bxf3 16. Qxf3 Qxb2 17. d4 Qc2 18. Qe2 Qxe2 19. Rxe2 Re4 20. Rb1
b6 21. Kf2 c5 22. Rd1 f5 23. g3 g6 24. dxc5 Rxc4 25. cxb6 axb6 26. Ra2 Rc3 27.
Rd7 b5 28. Kf3 b4 29. a4 b3 30. Rad2 Rxa4 31. Re7 Kf8 32. Rxh7 Ke8 33. Rdd7 Re4
34. Rxc7 Rexe3+ 35. Kf2 Rxc7 36. Rxc7 Rd3 37. Ke2 Rd7 38. Rc8+ Rd8 39. Rc1 Rb8
40. Kd2 g5 41. Re1+ Kd7 42. Kc1 b2+ 43. Kb1 Kd6 44. Re2 f4 45. gxf4 gxf4 46. h4
Kd5 47. h5 f3 48. Re1 Kd4 49. Re6 f2 50. Rf6 Ke3 51. h6 Ke2 52. Re6+ Kf3 53.
Rf6+ Ke3 54. h7 Rh8 55. Re6+ Kd3 56. Rd6+ Ke2 57. Re6+ Kf3 58. Rf6+ Kg2 59.
Rg6+ Kh3 60. Rf6 Kg3 61. Rg6+ Kh2 62. Rh6+ Kg1 63. Rg6+ Kf1 64. Rh6 Ke1 65.
Re6+ Kd2 66. Rd6+ Kc3 67. Rf6 Rxh7 68. Rf3+ Kd4 69. Rxf2 Ke3 70. Rxb2 Rh8 71.
Rc2 Kd3 72. Rf2 Rc8 73. Rg2 Rb8+ 74. Kc1 Rf8 75. Rh2 Re8 76. Rh1 Rb8 77. Rg1
Kc3 78. Rh1 Rf8 79. Rg1 Rf3 80. Rh1 Re3 81. Rg1 Rh3 82. Rf1 Rd3 83. Rg1 Re3 84.
Rh1 Rf3 85. Rg1 Rd3 86. Rh1 Rg3 87. Rf1 Rh3 88. Rg1 Rh8 89. Rf1 Rh6 90. Rg1 Rh7
91. Rf1 Rh8 92. Rg1 Ra8 93. Rg3+ Kd4 94. Rh3 Ke4 95. Rh2 Kf3 96. Rd2 Rc8+ 97.
Kd1 Ke3 98. Rg2 Rd8+ 99. Ke1 Rh8 100. Rg1 Ra8 101. Rg3+ Ke4 102. Rh3 Kf4 103.
Rh2 Kf3 104. Rd2 Re8+ 105. Kf1 Rh8 106. Rd3+ Ke4 107. Rg3 Rb8 108. Rh3 Rb1+
109. Kg2 Rb2+ 110. Kh1 Rb5 111. Rh2 Ke3 112. Rg2 Rd5 113. Rh2 Rc5 114. Rg2 Rc8
115. Rh2 Rg8 116. Rc2 Rd8 117. Rg2 Ke4 118. Rg1 Rc8 119. Rf1 Re8 120. Re1+ Kd4
1/2-1/2

[Event "ICS rated blitz match"]
[Site "204.178.125.65"]
[Date "2000.07.13"]
[Round "?"]
[White "PostModernist"]
[Black "Hossa"]
[Result "0-1"]
[WhiteElo "2671"]
[BlackElo "2558"]
[PlyCount "138"]
[EventDate "2000.??.??"]

1. d4 Nf6 2. c4 g6 3. Nc3 Bg7 4. Nf3 d5 5. cxd5 Nxd5 6. e4 Nxc3 7. bxc3 c5 8.
Rb1 O-O 9. Be2 Nc6 10. d5 Bxc3+ 11. Bd2 Bxd2+ 12. Qxd2 Nb8 13. h4 f6 14. h5 g5
15. h6 Qe8 16. Qc2 b6 17. Bc4 Ba6 18. Bxa6 Nxa6 19. Qc4 Nb8 20. e5 fxe5 21. Qc2
Rf6 22. Nxe5 Nd7 23. Nc6 Qf7 24. Rd1 a6 25. f3 Re8 26. Qe2 b5 27. Rd3 c4 28.
Re3 Kf8 29. Nb4 a5 30. Nc6 Qxd5 31. Nxe7 Qf7 32. Nd5 Rxe3 33. Nxe3 Ne5 34. Qc2
Nd3+ 35. Ke2 Qe7 36. Qc3 Nf4+ 37. Kf2 Kg8 38. Qxa5 Nd3+ 39. Ke2 Re6 40. Qd2 g4
41. fxg4 Qg5 42. Rh3 Nf4+ 43. Kf3 Nxh3 44. gxh3 Rxh6 45. Kg2 Re6 46. Kf3 Rf6+
47. Kg2 Ra6 48. Qf2 Qc5 49. Qd2 Rd6 50. Qe1 Re6 51. Kf3 Qf8+ 52. Ke2 Qa8 53. h4
Qxa2+ 54. Qd2 Qxd2+ 55. Kxd2 Re4 56. Nf5 b4 57. h5 Kf8 58. g5 Kg8 59. g6 hxg6
60. hxg6 Re5 61. Nh6+ Kg7 62. Ng4 Re7 63. Ne3 c3+ 64. Kd3 Rxe3+ 65. Kxe3 b3 66.
Kd3 b2 67. Kxc3 b1=Q 68. Kd4 Qb4+ 69. Kd5 Kxg6 0-1

[Event "ICS Rated blitz match"]
[Site "204.178.125.65"]
[Date "2000.07.13"]
[Round "?"]
[White "Hossa"]
[Black "PostModernist"]
[Result "0-1"]
[WhiteElo "2579"]
[BlackElo "2650"]
[PlyCount "84"]
[EventDate "2000.??.??"]

1. d4 Nf6 2. c4 e6 3. Nf3 b6 4. Bg5 Bb7 5. Nc3 Bb4 6. e3 h6 7. Bxf6 Bxc3+ 8.
bxc3 Qxf6 9. Be2 Be4 10. O-O Nc6 11. Nd2 Bg6 12. e4 O-O 13. f4 Rfd8 14. Qc1 a5
15. Qc2 Qh4 16. a4 Ne7 17. g3 Qf6 18. Nf3 d5 19. f5 exf5 20. exd5 f4 21. Qd2
fxg3 22. hxg3 Qd6 23. Kh2 Nf5 24. Rg1 Re8 25. Ne5 c5 26. Rg2 cxd4 27. Nxg6 dxc3
28. Qxc3 Re3 29. Bd3 fxg6 30. Qa3 Qe5 31. Rag1 Nh4 32. Rf2 Qh5 33. Rh1 Nf5+ 34.
Kg1 Rxg3+ 35. Rg2 Qd1+ 36. Bf1 Qd4+ 37. Kh2 Rxa3 38. Re2 Nh4 39. Bh3 Qf4+ 40.
Kg1 Ra1+ 41. Re1 Rxe1+ 42. Bf1 Rxf1# {Hossa checkmated} 0-1

[Event "ICS rated blitz match"]
[Site "204.178.125.65"]
[Date "2000.07.13"]
[Round "?"]
[White "Max"]
[Black "Hossa"]
[Result "1-0"]
[WhiteElo "1980"]
[BlackElo "2562"]
[PlyCount "114"]
[EventDate "2000.??.??"]

1. e4 e5 2. Nf3 Nc6 3. Bb5 a6 4. Bxc6 dxc6 5. d4 exd4 6. Qxd4 Qxd4 7. Nxd4 Bd7
8. Be3 O-O-O 9. Nd2 Bc5 10. O-O-O Bg4 11. f3 Bxd4 12. Bxd4 Rxd4 13. fxg4 Nf6
14. c3 Rd7 15. h3 Re8 16. Rhe1 b6 17. g5 Nh5 18. Nf3 Rxd1+ 19. Kxd1 Nf4 20. Nh4
Nd3 21. Re2 Rxe4 22. Rxe4 Nf2+ 23. Ke2 Nxe4 24. Nf5 g6 25. Nh6 Nxg5 26. h4 Ne6
27. Nxf7 Nf4+ 28. Kf3 Nd3 29. Ng5 h6 30. Nf7 Nxb2 31. Nxh6 Nd1 32. Ng8 Nxc3 33.
Ne7+ Kd7 34. Nxg6 Ke6 35. g4 Nxa2 36. Nf4+ Kf7 37. Ke4 Ke7 38. h5 Nc3+ 39. Kf5
Nb5 40. Kg6 Nd6 41. h6 Nf7 42. Kg7 Nxh6 43. Kxh6 a5 44. g5 a4 45. Nd3 c5 46. g6
a3 47. Nc1 b5 48. g7 Kf6 49. g8=Q Ke5 50. Qd8 c6 51. Qd3 c4 52. Qd7 Kf4 53.
Qxc6 Ke3 54. Qxb5 Kd4 55. Qb1 Kd5 56. Kg5 Kc5 57. Kf5 Kd4 {Hossa resigns} 1-0

[Event "ICS rated blitz match"]
[Site "204.178.125.65"]
[Date "2000.07.13"]
[Round "?"]
[White "Hossa"]
[Black "Tinker"]
[Result "0-1"]
[WhiteElo "2531"]
[BlackElo "2460"]
[PlyCount "170"]
[EventDate "2000.??.??"]

1. e4 d5 2. exd5 Qxd5 3. Nf3 Nc6 4. Nc3 Qe6+ 5. Be2 Nf6 6. d4 Qd6 7. Nb5 Qd8 8.
Ne5 e6 9. O-O h6 10. Nxc6 bxc6 11. Bf3 Nd5 12. Nc3 Ba6 13. Be2 Nxc3 14. bxc3
Bxe2 15. Qxe2 Bd6 16. Qf3 O-O 17. Rb1 Qh4 18. g3 Qh3 19. Qxc6 Qf5 20. Rb7 Qxc2
21. Rb2 Qd3 22. Rd2 Qf5 23. c4 Rfc8 24. Rb2 e5 25. c5 Bf8 26. d5 Rab8 27. Rxb8
Rxb8 28. Be3 Rc8 29. Qa6 e4 30. Re1 Ra8 31. Qb7 Re8 32. Bf4 Rd8 33. d6 cxd6 34.
Bxd6 Bxd6 35. cxd6 Qe6 36. a4 Qxd6 37. Qxa7 Qb4 38. Kf1 Re8 39. Qd7 Kf8 40. Rc1
Qa3 41. Rd1 Qf3 42. Qd6+ Kg8 43. Qd5 Qh1+ 44. Ke2 Qxh2 45. Ke3 Qh3 46. a5 Qg4
47. Rd2 Qf3+ 48. Kd4 Qa3 49. Qd7 Qb4+ 50. Ke3 Qc3+ 51. Ke2 Qf3+ 52. Kf1 Rb8 53.
Ke1 e3 54. fxe3 Qxe3+ 55. Kf1 Qf3+ 56. Ke1 Qxg3+ 57. Ke2 Qe5+ 58. Kf1 Qxa5 59.
Kf2 Qc5+ 60. Kg2 Qg5+ 61. Kf2 Qf4+ 62. Kg2 Qe4+ 63. Kf2 Re8 64. Rb2 Qe5 65. Rc2
f5 66. Rc8 Qh2+ 67. Kf3 Qh3+ 68. Kf2 Qh4+ 69. Kg2 Qg4+ 70. Kf2 Qf4+ 71. Kg2
Qe4+ 72. Kf2 Rxc8 73. Qxc8+ Kh7 74. Qc7 h5 75. Qd7 h4 76. Qf7 Qf4+ 77. Ke2 Qg4+
78. Ke1 h3 79. Kd2 h2 80. Qd5 Qe4 81. Qf7 h1=Q 82. Qh5+ Qxh5 83. Kc3 Qhf3+ 84.
Kb2 Qee2+ 85. Kc1 Qff1# {Hossa checkmated} 0-1

[Event "ICS Rated standard match"]
[Site "204.178.125.65"]
[Date "2000.07.13"]
[Round "?"]
[White "Hossa"]
[Black "Tinker"]
[Result "0-1"]
[WhiteElo "2408"]
[BlackElo "2280"]
[PlyCount "140"]
[EventDate "2000.??.??"]

1. e4 d5 2. exd5 Qxd5 3. Nc3 Qe6+ 4. Be2 Nf6 5. Nf3 Nc6 6. d4 Qd6 7. O-O a6 8.
Be3 Bg4 9. Ng5 Bxe2 10. Qxe2 h6 11. Nge4 Nxe4 12. Nxe4 Qd5 13. Nc3 Qf5 14. g4
Qg6 15. d5 Nb4 16. Rac1 e6 17. dxe6 Qxe6 18. a3 Nc6 19. Rcd1 Bd6 20. f3 O-O 21.
Ne4 f5 22. Nxd6 cxd6 23. gxf5 Rxf5 24. Rde1 Re8 25. Qg2 Qf6 26. Bc1 Rxe1 27.
Rxe1 Qd4+ 28. Kh1 Qf6 29. f4 Qf7 30. Be3 Rf6 31. Rg1 d5 32. c3 Re6 33. Qg3 Ne7
34. Qf3 Re4 35. Bd4 Nf5 36. Be5 Re3 37. Qg4 Kf8 38. a4 Re4 39. b3 Kg8 40. Qg2
Qh5 41. Bd4 Re2 42. Bf2 Kh7 43. Re1 Rxe1+ 44. Bxe1 Qd1 45. Qd2 Qxb3 46. Kg1
Qxa4 47. Qxd5 Qxf4 48. Qxb7 a5 49. Qd7 Qg4+ 50. Kf2 Qe4 51. Bd2 Nh4 52. Kg3 a4
53. h3 a3 54. Qa7 Qg2+ 55. Kxh4 Qxd2 56. Kg4 a2 57. Qa4 Qg2+ 58. Kf4 Qf1+ 59.
Kg3 a1=Q 60. Qe4+ Kg8 61. Qe8+ Qf8 62. Qxf8+ Kxf8 63. Kf4 g5+ 64. Ke4 Qxc3 65.
Kd5 Ke7 66. h4 gxh4 67. Ke4 Ke6 68. Kf4 Qd3 69. Kg4 Qg3+ 70. Kh5 Qg5# {
Hossa checkmated} 0-1

[Event "ICS rated standard match"]
[Site "204.178.125.65"]
[Date "2000.07.13"]
[Round "?"]
[White "TheSinger"]
[Black "Hossa"]
[Result "0-1"]
[WhiteElo "1926"]
[BlackElo "2386"]
[PlyCount "56"]
[EventDate "2000.??.??"]

1. e4 c5 2. d4 cxd4 3. c3 Nf6 4. e5 Nd5 5. Nf3 e6 6. Bc4 dxc3 7. Bxd5 cxb2 8.
Bxb2 exd5 9. Qxd5 Qb6 10. Bd4 Bb4+ 11. Nbd2 Qe6 12. Qe4 d5 13. Qb1 Nc6 14. O-O
Bxd2 15. Nxd2 Nxd4 16. Qd3 Qg4 17. f3 Bf5 18. Qa3 Qf4 19. Rad1 Bc2 20. g3 Qh6
21. Ne4 Ne2+ 22. Kg2 dxe4 23. Rd6 Qg5 24. f4 Qg4 25. Rd2 Bd3 26. f5 Nxg3 27.
hxg3 Bxf1+ 28. Kxf1 Qxf5+ {TheSinger resigns} 0-1